| 000 | 00444nam a22001457a 4500 | ||
|---|---|---|---|
| 008 | 130218b xxu||||| |||| 00| 0 eng d | ||
| 020 | _a9780199569915 | ||
| 050 |
_aHD57.7 _b.G75 2010 |
||
| 100 | _aGrint, Keith | ||
| 245 |
_aLeadership : _b a very short introduction / _cKeith Grint |
||
| 260 |
_aNew York _bOxford University Press _c2010 |
||
| 300 |
_a142 p. : _bill. ; _c18 cm. |
||
| 440 | _aVery short introductions, 237. | ||
| 942 |
_2lcc _cBK |
||
| 999 |
_c41693 _d41693 |
||